[Event "2.BLS 0203 SC Eppingen - SG Kirchheim"]
[Site "?"]
[Date "2003.02.09"]
[Round "6.7"]
[White "Mudelsee, Manfred Dr"]
[Black "Rau, Hannes"]
[Result "0-1"]
[WhiteElo "2291"]
[BlackElo "2325"]
[PlyCount "80"]
[EventDate "2003.??.??"]

1. e4 c5 2. Nf3 d6 3. d4 cxd4 4. Nxd4 Nf6 5. Nc3 Nc6 6. Bc4 Qb6 7. Ndb5 a6 8.
Be3 Qa5 9. Nd4 Ne5 10. Nb3 Qc7 11. Be2 g6 12. O-O Bg7 13. Bg5 Ned7 14. Qd2 b5
15. a4 b4 16. Nd5 Nxd5 17. exd5 h6 18. Bh4 Bxb2 19. Rad1 Qc3 20. Qe3 Qxe3 21.
fxe3 Bf6 22. Be1 a5 23. Bb5 O-O 24. Bc6 Ra7 25. e4 Ne5 26. Bb5 Bg4 27. Rb1 Bd7
28. Bf2 Raa8 29. Nd4 Rfc8 30. Rfd1 Bxb5 31. axb5 Nc4 32. Nc6 Na3 33. b6 Nxb1
34. Rxb1 Rcb8 35. Nxb8 Rxb8 36. Kf1 Bc3 37. Ke2 a4 38. Be1 Bxe1 39. Kxe1 Rxb6
40. Kd2 Kg7 0-1

[Event "2.BLS 0203 SC Eppingen - SG Kirchheim"]
[Site "?"]
[Date "2003.02.09"]
[Round "6.8"]
[White "Reinhardt, Berndt"]
[Black "Rudolph, Johannes"]
[Result "1/2-1/2"]
[WhiteElo "2316"]
[BlackElo "2260"]
[PlyCount "33"]
[EventDate "2003.??.??"]

1. g3 d5 2. Bg2 c6 3. d3 Nf6 4. f4 g6 5. Nf3 Qb6 6. e3 Bg7 7. Qe2 O-O 8. O-O a5
9. Kh1 Nbd7 10. Nc3 a4 11. a3 Re8 12. e4 dxe4 13. dxe4 e5 14. fxe5 Ng4 15. e6
fxe6 16. e5 Qa6 17. Qe1 {(=)} 1/2-1/2

[Event "2.BLS 0203 Karlsruher SF - SCA St.Ingb."]
[Site "Karlsruhe"]
[Date "2003.02.09"]
[Round "6.1"]
[White "Marcelin, Cyril"]
[Black "Delemarre, Jop"]
[Result "1/2-1/2"]
[WhiteElo "2470"]
[BlackElo "2418"]
[PlyCount "96"]
[EventDate "2003.02.09"]

1. d4 Nf6 2. c4 g6 3. Nc3 d5 4. Nf3 Bg7 5. Bf4 O-O 6. Rc1 dxc4 7. e4 Bg4 8.
Bxc4 Bxf3 9. Qxf3 Nc6 10. d5 Nd4 11. Qd3 Nd7 12. O-O c5 13. a3 e5 14. dxe6 fxe6
15. Bd6 Ne5 16. Bxe5 Bxe5 17. Ne2 Rf3 18. Qd1 Qh4 19. h3 Rf6 20. Nxd4 Bxd4 21.
Rc2 Raf8 22. Qg4 Qxg4 23. hxg4 g5 24. g3 Kf7 25. Kg2 Ke7 26. f3 Kd6 27. Be2 Ke5
28. Rh1 h6 29. b3 Rd8 30. Rd2 a6 31. a4 Rd6 32. Rh5 Rb6 33. Bc4 Kd6 34. f4 Ke7
35. fxg5 hxg5 36. Rxg5 Rf7 37. Rg6 Rd6 38. e5 Rc6 39. Re2 Rb6 40. g5 Rf5 41.
Rg7+ Kf8 42. Rc7 Rxg5 43. a5 Rb4 44. Bxe6 Rxe5 45. Rxe5 Bxe5 46. Rxc5 Rb5 47.
Rxb5 axb5 48. Bd5 Bc3 1/2-1/2

[Event "2.BLS 0203 Karlsruher SF - SCA St.Ingb."]
[Site "Karlsruhe"]
[Date "2003.02.09"]
[Round "6.2"]
[White "Arnold, Lothar"]
[Black "Bricard, Emmanuel"]
[Result "1/2-1/2"]
[WhiteElo "2360"]
[BlackElo "2454"]
[PlyCount "111"]
[EventDate "2003.02.09"]

1. e4 c5 2. Nf3 d6 3. d4 cxd4 4. Nxd4 Nf6 5. Nc3 g6 6. Bg5 Bg7 7. f3 Nc6 8. Qd2
Bd7 9. O-O-O Ne5 10. Bh6 Bxh6 11. Qxh6 Rc8 12. Kb1 Rxc3 13. bxc3 Qa5 14. Kb2
Be6 15. Nxe6 fxe6 16. Qh3 Kf7 17. f4 Neg4 18. Bc4 d5 19. exd5 exd5 20. Bb3 Nf2
21. Qf3 Nxh1 22. Rxh1 Rc8 23. g4 Rc5 24. Re1 Ke8 25. Re3 Qc7 26. Re5 Ne4 27.
Rxd5 Rxd5 28. Bxd5 Nc5 29. Bb3 a5 30. Qd5 a4 31. Bc4 Qb6+ 32. Ka3 Qa5 33. Qe5
Kd8 34. f5 gxf5 35. gxf5 Kd7 36. Be6+ Kc6 37. Qd5+ Kb6 38. Qd8+ Ka6 39. Qa8+
Kb6 40. Qd8+ Ka6 41. Bc4+ b5 42. Qa8+ Kb6 43. Qd8+ Ka6 44. Qxa5+ Kxa5 45. Bd3
Nd7 46. Kb2 h6 47. c4 b4 48. a3 Nc5 49. axb4+ Kxb4 50. c3+ Ka5 51. Bc2 Nd7 52.
Ka3 Ne5 53. Bxa4 Nxc4+ 54. Kb3 Nd2+ 55. Kc2 Nf1 56. Be8 1/2-1/2

[Event "2.BLS 0203 Karlsruher SF - SCA St.Ingb."]
[Site "Karlsruhe"]
[Date "2003.02.09"]
[Round "6.3"]
[White "Lazarev, Vladimir"]
[Black "Werner, Clemens"]
[Result "1/2-1/2"]
[WhiteElo "2458"]
[BlackElo "2358"]
[PlyCount "73"]
[EventDate "2003.02.09"]

1. d4 d6 2. c4 e5 3. Nf3 Nd7 4. Nc3 g6 5. e4 Bg7 6. Be2 Ngf6 7. O-O O-O 8. Re1
c6 9. Bf1 Qb6 10. Rb1 exd4 11. Nxd4 Nc5 12. b4 Ne6 13. Be3 Nxd4 14. Bxd4 Qc7
15. Qd2 Be6 16. f3 Rfe8 17. a3 Rad8 18. Rbc1 Bc8 19. Qf2 b6 20. b5 Bb7 21. bxc6
Bxc6 22. Nd5 Bxd5 23. cxd5 Qb8 24. Qb2 Nh5 25. g4 Bxd4+ 26. Qxd4 Ng7 27. Rc6
Rc8 28. Rec1 Rxc6 29. Rxc6 Rc8 30. Qf6 Rxc6 31. dxc6 Qc7 32. Bc4 Ne8 33. Qc3
Qe7 34. Kg2 h5 35. h3 Nc7 36. a4 h4 37. Bb3 1/2-1/2

[Event "2.BLS 0203 Karlsruher SF - SCA St.Ingb."]
[Site "Karlsruhe"]
[Date "2003.02.09"]
[Round "6.4"]
[White "Gerstner, Wolfgang"]
[Black "Pirrot, Dieter"]
[Result "1-0"]
[WhiteElo "2374"]
[BlackElo "2421"]
[PlyCount "63"]
[EventDate "2003.02.09"]

1. d4 d5 2. c4 Nc6 3. Nf3 Bg4 4. cxd5 Bxf3 5. gxf3 Qxd5 6. e3 e5 7. Nc3 Bb4 8.
Bd2 Bxc3 9. bxc3 Qd6 10. Rb1 O-O-O 11. Qb3 b6 12. Qxf7 Nf6 13. Bh3+ Kb8 14. O-O
Rde8 15. Qc4 g5 16. Bg2 e4 17. fxe4 Nxe4 18. Be1 g4 19. Rb5 Rhf8 20. Qd5 Qg6
21. Qh5 Qg8 22. Rf5 Rxf5 23. Qxf5 Qg6 24. Qxg6 hxg6 25. h3 gxh3 26. Bxh3 Na5
27. Bd7 Re7 28. Bb5 Nd6 29. Bd3 g5 30. Kg2 Nac4 31. Rh1 b5 32. Rh3 1-0

[Event "2.BLS 0203 Karlsruher SF - SCA St.Ingb."]
[Site "Karlsruhe"]
[Date "2003.02.09"]
[Round "6.5"]
[White "Becking, Stephan"]
[Black "Duschek, Volker"]
[Result "1-0"]
[WhiteElo "2311"]
[BlackElo "2321"]
[PlyCount "73"]
[EventDate "2003.02.09"]

1. c4 g6 2. Nc3 Bg7 3. g3 Nf6 4. Bg2 O-O 5. d4 d6 6. h3 Nbd7 7. Nf3 e5 8. O-O
Re8 9. e4 exd4 10. Nxd4 a6 11. Re1 Rb8 12. f4 c5 13. Nc2 b5 14. Qxd6 Bb7 15. e5
b4 16. Na4 Bxg2 17. Kxg2 Bf8 18. Qd3 Nh5 19. Be3 Qc7 20. Qe4 Rbd8 21. Bf2 f6
22. g4 Ng7 23. Bg3 fxe5 24. fxe5 Ne6 25. Ne3 Bg7 26. Nd5 Qa5 27. b3 Nd4 28. e6
Rxe6 29. Bc7 Rxe4 30. Rxe4 Qxc7 31. Nxc7 Nf6 32. Re7 Nc2 33. Rf1 Bf8 34. Re2
Nd4 35. Ne6 Nxe6 36. Rxe6 Bg7 37. Nxc5 1-0

[Event "2.BLS 0203 Karlsruher SF - SCA St.Ingb."]
[Site "Karlsruhe"]
[Date "2003.02.09"]
[Round "6.6"]
[White "Karst, Elmar"]
[Black "Drollinger, Denis"]
[Result "0-1"]
[WhiteElo "2280"]
[BlackElo "2281"]
[PlyCount "138"]
[EventDate "2003.02.09"]

1. d4 Nf6 2. Nf3 c5 3. d5 e6 4. c4 exd5 5. cxd5 d6 6. Nc3 g6 7. e4 Bg7 8. h3
O-O 9. Bd3 b5 10. Bxb5 Nxe4 11. Nxe4 Qa5+ 12. Nfd2 Qxb5 13. Nxd6 Qa6 14. N2c4
Nd7 15. O-O Nb6 16. Qb3 Nxd5 17. Ne4 Bf5 18. Ncd6 c4 19. Qg3 Bxe4 20. Nxe4 Rfe8
21. Qd6 Qa5 22. Bd2 Qd8 23. Qxd8 Raxd8 24. Ba5 Nb6 25. Nc3 Re5 26. Bb4 Nd5 27.
Rad1 g5 28. Rd2 Bf6 29. Nxd5 Rexd5 30. Rc2 Rb8 31. Ba3 Ra5 32. Rxc4 Bxb2 33.
Bd6 Re8 34. a4 Rd5 35. Bg3 f5 36. Rb1 Bd4 37. Bc7 Re2 38. Rf1 Kf7 39. Bb8 Bb6
40. h4 h6 41. Rc6 Rdd2 42. Rxh6 Bxf2+ 43. Kh1 gxh4 44. a5 Kg7 45. Bf4 Ra2 46.
Rb1 Re1+ 47. Rxe1 Bxe1 48. Kh2 Bg3+ 49. Kh3 Bxf4 50. Ra6 Be3 51. Re6 f4 52. Re5
Kf6 53. Rh5 Kg6 54. Rd5 Ra4 55. Kg4 Kf6 56. Rh5 Ke6 57. Kf3 Ra3 58. Ke4 Kd7 59.
Rxh4 Rxa5 60. g3 Ra4+ 61. Kf3 Bc5 62. gxf4 Rc4 63. Rh7+ Be7 64. Ke3 a5 65. f5
Rc6 66. Rh2 a4 67. Kd4 a3 68. Ra2 Bf6+ 69. Kd5 Bb2 0-1

[Event "2.BLS 0203 Karlsruher SF - SCA St.Ingb."]
[Site "Karlsruhe"]
[Date "2003.02.09"]
[Round "6.7"]
[White "Nguyen, Chi Minh"]
[Black "Kargoll, Boris"]
[Result "1-0"]
[WhiteElo "2358"]
[BlackElo "2263"]
[PlyCount "77"]
[EventDate "2003.02.09"]

1. d4 d5 2. c4 c6 3. Nc3 Nf6 4. Nf3 a6 5. c5 g6 6. Bf4 Bg7 7. h3 O-O 8. e3 Nbd7
9. Be2 b6 10. b4 bxc5 11. bxc5 Ne4 12. Nxe4 dxe4 13. Nd2 e5 14. dxe5 Nxc5 15.
O-O Qe7 16. Nc4 Be6 17. Qd4 Bd5 18. Nb6 Rad8 19. Qb4 Rfe8 20. Rac1 Ne6 21. Qxe7
Rxe7 22. Bg3 Rb7 23. Nxd5 cxd5 24. Bxa6 Ra7 25. Rc6 Nc7 26. Be2 Rxa2 27. Bg4 h5
28. Rxc7 hxg4 29. hxg4 Re8 30. Rb1 Bxe5 31. Bxe5 Rxe5 32. Rbb7 Rg5 33. Rxf7
Rxg4 34. Rfd7 Ra8 35. Rxd5 Rf8 36. g3 Rf5 37. Rd8+ Rf8 38. Rdd7 Re8 39. Rd5 1-0

[Event "2.BLS 0203 Karlsruher SF - SCA St.Ingb."]
[Site "Karlsruhe"]
[Date "2003.02.09"]
[Round "6.8"]
[White "Bach, Edwin"]
[Black "Gross, Georg"]
[Result "0-1"]
[WhiteElo "2302"]
[BlackElo "2321"]
[PlyCount "56"]
[EventDate "2003.02.09"]

1. e4 Nc6 2. Nf3 f5 3. exf5 d5 4. Bb5 Bxf5 5. Ne5 a6 6. Bxc6+ bxc6 7. d4 e6 8.
Nc3 Bd6 9. Bf4 Ne7 10. g4 Bg6 11. Qe2 O-O 12. Bg3 Be8 13. Nd3 Ng6 14. O-O-O Qf6
15. Rhf1 Nf4 16. Bxf4 Bxf4+ 17. Kb1 Rf7 18. Nxf4 Qxf4 19. h3 Bd7 20. Na4 c5 21.
Nxc5 Bb5 22. Nd3 Qxd4 23. a4 Qxa4 24. Qxe6 Re8 25. Qxd5 Bc4 26. Qc5 Qa2+ 27.
Kc1 Bxd3 28. cxd3 Qa1+ 0-1

[Event "2.BLS 0203 SCA St Ingbert - SC Eppingen"]
[Site "?"]
[Date "2003.02.23"]
[Round "7.1"]
[White "Gyimesi, Zoltan"]
[Black "Bricard, Emmanuel"]
[Result "1/2-1/2"]
[WhiteElo "2596"]
[BlackElo "2454"]
[PlyCount "104"]
[EventDate "2003.??.??"]

1. d4 Nf6 2. c4 e6 3. Nf3 d5 4. Nc3 Nbd7 5. cxd5 exd5 6. Bg5 c6 7. e3 Be7 8.
Bd3 h6 9. Bf4 Nh5 10. Bg3 Nxg3 11. hxg3 Nf6 12. Qc2 O-O 13. O-O-O Be6 14. Kb1
Rc8 15. Rc1 Qa5 16. Bf5 Bxf5 17. Qxf5 Qd8 18. Ne5 Qd6 19. g4 Qe6 20. Qxe6 fxe6
21. g5 hxg5 22. Ng6 Kf7 23. Nxf8 Rxf8 24. Rc2 Kg6 25. a3 e5 26. f3 exd4 27.
exd4 Nh5 28. Ne2 Bf6 29. Re1 Nf4 30. Nxf4+ gxf4 31. Rd2 Kf5 32. Kc2 g5 33. Kd3
g4 34. fxg4+ Kxg4 35. Rde2 Rg8 36. Re8 Rg7 37. Rh1 Rg5 38. Re2 Kf5 39. Rh3 Rg4
40. Rf3 a5 41. b3 Bg7 42. b4 axb4 43. axb4 Bf6 44. Kc3 Bg7 45. Rd3 Bf6 46. Rf3
Bg7 47. Kd3 Bf6 48. Ref2 Bh4 49. Rb2 Bf6 50. Re2 Bg7 51. Ref2 Kg5 52. Rc2 Bf6
1/2-1/2

[Event "2.BLS 0203 SCA St Ingbert - SC Eppingen"]
[Site "?"]
[Date "2003.02.23"]
[Round "7.2"]
[White "Lazarev, Vladimir"]
[Black "Acs, Peter"]
[Result "1/2-1/2"]
[WhiteElo "2477"]
[BlackElo "2591"]
[PlyCount "37"]
[EventDate "2003.??.??"]

1. d4 Nf6 2. c4 e6 3. Nc3 Bb4 4. Qc2 O-O 5. a3 Bxc3+ 6. Qxc3 b6 7. Bg5 Ba6 8.
e3 d6 9. Nf3 Nbd7 10. Nd2 Re8 11. Bd3 Rc8 12. b4 c5 13. dxc5 bxc5 14. b5 Bb7
15. O-O h6 16. Bh4 d5 17. f3 d4 18. exd4 cxd4 19. Qc2 1/2-1/2

[Event "2.BLS 0203 SCA St Ingbert - SC Eppingen"]
[Site "?"]
[Date "2003.02.23"]
[Round "7.3"]
[White "Mann, Christian"]
[Black "Pirrot, Dieter"]
[Result "0-1"]
[WhiteElo "2445"]
[BlackElo "2421"]
[PlyCount "73"]
[EventDate "2003.??.??"]

1. g3 e5 2. Bg2 Nc6 3. e4 Bc5 4. Ne2 h5 5. h3 h4 6. g4 Nge7 7. Nbc3 Ng6 8. d3
a6 9. f4 exf4 10. Nxf4 Nxf4 11. Bxf4 d6 12. Qd2 Nd4 13. O-O-O Bb4 14. e5 Nb5
15. Qe3 Bxc3 16. exd6+ Be6 17. dxc7 Qe7 18. bxc3 Qa3+ 19. Kd2 Qxc3+ 20. Ke2 O-O
21. Be5 Qb4 22. c4 Nc3+ 23. Bxc3 Qxc3 24. Qf4 Rae8 25. Kf2 Bd7 26. Bd5 Re6 27.
g5 Re5 28. Be4 g6 29. Rhg1 Qd4+ 30. Qe3 Qd6 31. Rb1 Bc6 32. Rg4 Qxc7 33. Rxh4
Qe7 34. Rg1 Re8 35. Rgg4 Rf5+ 36. Kg1 Qe5 37. Qg3 0-1

[Event "2.BLS 0203 SCA St Ingbert - SC Eppingen"]
[Site "?"]
[Date "2003.02.23"]
[Round "7.4"]
[White "Parmentier, Xavier"]
[Black "Balzar, Andreas Dr"]
[Result "1-0"]
[WhiteElo "2348"]
[BlackElo "2381"]
[PlyCount "63"]
[EventDate "2003.??.??"]

1. d4 d5 2. c4 c6 3. Nf3 Nf6 4. e3 e6 5. Bd3 Nbd7 6. O-O Bd6 7. Nc3 O-O 8. e4
dxe4 9. Nxe4 Nxe4 10. Bxe4 h6 11. Bc2 e5 12. b3 exd4 13. Qxd4 Nf6 14. Rd1 Be7
15. Qe5 Qe8 16. Bb2 Be6 17. Nd4 Bg4 18. Rd3 Bd8 19. Qf4 Bh5 20. Re3 Qd7 21. Rg3
Bg6 22. Nf5 Bc7 23. Nxh6+ Kh7 24. Rxg6 Bxf4 25. Rxf6+ g6 26. Rxf4 f6 27. Rg4
Qd2 28. Bxg6+ Kh8 29. Nf5 Qxb2 30. Rh4+ Kg8 31. Ne7+ Kg7 32. Rh7# 1-0

[Event "2.BLS 0203 SCA St Ingbert - SC Eppingen"]
[Site "?"]
[Date "2003.02.23"]
[Round "7.5"]
[White "Miltner, Arndt"]
[Black "Becking, Stephan"]
[Result "1/2-1/2"]
[WhiteElo "2384"]
[BlackElo "2315"]
[PlyCount "43"]
[EventDate "2003.??.??"]

1. Nf3 Nf6 2. d3 d5 3. Nbd2 c5 4. e4 e6 5. g3 g6 6. Bg2 Bg7 7. O-O O-O 8. exd5
exd5 9. d4 cxd4 10. Nb3 d3 11. Qxd3 Bf5 12. Qd1 Nc6 13. c3 Qc8 14. Re1 Bh3 15.
Bf4 Rd8 16. Nfd4 Bxg2 17. Kxg2 Ne4 18. f3 Nd6 19. Bxd6 Rxd6 20. f4 Nxd4 21.
Nxd4 Qc4 22. Re2 1/2-1/2

[Event "2.BLS 0203 SCA St Ingbert - SC Eppingen"]
[Site "?"]
[Date "2003.02.23"]
[Round "7.6"]
[White "Drollinger, Dennis"]
[Black "Schulze, Ulrich"]
[Result "0-1"]
[WhiteElo "2281"]
[BlackElo "2353"]
[PlyCount "66"]
[EventDate "2003.??.??"]

1. e4 c6 2. d4 d5 3. e5 Bf5 4. Nf3 e6 5. Be2 Nd7 6. O-O h6 7. b3 Ne7 8. c4 Bh7
9. Ba3 Nf5 10. Bxf8 Nxf8 11. Nc3 g5 12. c5 g4 13. Ne1 Qg5 14. Bxg4 Rg8 15. Bxf5
Bxf5 16. f4 Qh4 17. b4 Rg4 18. Qd2 Ng6 19. Ne2 Be4 20. a4 Ke7 21. Ra3 Rg8 22.
Rg3 Qh5 23. Rxg4 Qxg4 24. Ng3 Nh4 25. b5 h5 26. Qa5 Nxg2 27. Qc7+ Kf8 28. Nxg2
Bxg2 29. Qd8+ Kg7 30. Qf6+ Kh7 31. Rf2 Bh3 32. Kh1 Qd1+ 33. Nf1 Bxf1 0-1

[Event "2.BLS 0203 SCA St Ingbert - SC Eppingen"]
[Site "?"]
[Date "2003.02.23"]
[Round "7.7"]
[White "Koch, Wolfgang Max Dr"]
[Black "Martinovic, Slobodan"]
[Result "1/2-1/2"]
[WhiteElo "2308"]
[BlackElo "2462"]
[PlyCount "55"]
[EventDate "2003.??.??"]

1. d4 Nf6 2. Nf3 g6 3. c4 Bg7 4. Nc3 O-O 5. e4 c6 6. e5 Ne8 7. Bf4 d6 8. exd6
exd6 9. Be2 Nd7 10. O-O Ndf6 11. d5 c5 12. Qd2 Bg4 13. h3 Bxf3 14. Bxf3 Nd7 15.
Be2 Ne5 16. Rfe1 a6 17. Bf1 Nc7 18. a4 b6 19. Bg5 f6 20. Be3 f5 21. f4 Nd7 22.
Bf2 Qf6 23. Rab1 Rae8 24. Rxe8 Rxe8 25. Re1 Qd8 26. Kh2 Nf6 27. Bd3 a5 28.
Rxe8+ {(=)} 1/2-1/2

[Event "2.BLS 0203 SCA St Ingbert - SC Eppingen"]
[Site "?"]
[Date "2003.02.23"]
[Round "7.8"]
[White "Gross, Georg"]
[Black "Rau, Hannes"]
[Result "1-0"]
[WhiteElo "2317"]
[BlackElo "2325"]
[PlyCount "103"]
[EventDate "2003.??.??"]

1. d4 Nf6 2. Nf3 e6 3. g3 b5 4. Bg2 Bb7 5. O-O c5 6. a4 b4 7. c4 cxd4 8. Nxd4
Bxg2 9. Kxg2 d5 10. cxd5 Qxd5+ 11. f3 Nc6 12. Nxc6 Qxc6 13. Bg5 Be7 14. Qd3 Qd5
15. Qb5+ Qxb5 16. axb5 Nd5 17. e4 Bxg5 18. exd5 exd5 19. Re1+ Kd7 20. Re5 Bf6
21. Rxd5+ Ke6 22. Rd2 Rhb8 23. Ra6+ Ke7 24. Ra5 Ke8 25. b3 Bd8 26. Re2+ Kf8 27.
Ra6 Rxb5 28. Nd2 Rb6 29. Ra4 a5 30. Nc4 Re6 31. Rea2 Rea6 32. f4 Bc7 33. Rd2
Rd8 34. Rda2 Rd3 35. Rxb4 axb4 36. Rxa6 Rxb3 37. Ra7 Bd8 38. Nd6 f6 39. Rf7+
Kg8 40. Rd7 Rb2+ 41. Kh3 Bb6 42. Nc4 Rc2 43. Nxb6 b3 44. Rb7 h5 45. Na4 g5 46.
fxg5 fxg5 47. Rxb3 g4+ 48. Kh4 Rxh2+ 49. Kg5 Kf7 50. Nc5 Rc2 51. Rb7+ Ke8 52.
Nd7 1-0

[Event "2.BLS 0203 SK Krumbach - Heidelberg HSH"]
[Site "?"]
[Date "2003.02.23"]
[Round "7.2"]
[White "Egger, Thomas"]
[Black "Schwalfenberg, Joerg"]
[Result "0-1"]
[WhiteElo "2307"]
[BlackElo "2360"]
[PlyCount "74"]
[EventDate "2003.??.??"]

1. Nf3 d5 2. g3 c6 3. Bg2 Bg4 4. O-O Nd7 5. d4 e6 6. b3 a5 7. c4 Ngf6 8. Nc3
Be7 9. Bb2 O-O 10. cxd5 exd5 11. Qd3 Re8 12. Ne5 Nxe5 13. dxe5 Nd7 14. f4 f6
15. h3 Be6 16. exf6 Bxf6 17. Kh2 Bf7 18. Rfe1 Nc5 19. Qc2 a4 20. b4 a3 21. Bc1
Na6 22. b5 Nb4 23. Qd2 Bxc3 24. Qxc3 Nxa2 25. Qc2 Nxc1 26. bxc6 bxc6 27. Raxc1
Ra6 28. e4 dxe4 29. Bxe4 h6 30. Red1 Qf6 31. Qd3 Rb6 32. Re1 Qb2+ 33. Kg1 Rb3
34. Bh7+ Kh8 35. Rxe8+ Bxe8 36. Qc2 Qxc2 37. Bxc2 Rc3 0-1

[Event "2.BLS 0203 SK Krumbach - Heidelberg HSH"]
[Site "?"]
[Date "2003.02.23"]
[Round "7.3"]
[White "Roos, Jean-Luc"]
[Black "Kempter, Ronald"]
[Result "1-0"]
[WhiteElo "2307"]
[BlackElo "2290"]
[PlyCount "63"]
[EventDate "2003.??.??"]

1. d4 Nf6 2. c4 c5 3. d5 b5 4. cxb5 a6 5. e3 Bb7 6. Nc3 axb5 7. Bxb5 Qa5 8.
Nge2 Nxd5 9. O-O e6 10. e4 Nc7 11. Bc4 Nc6 12. Bf4 Rd8 13. Qd3 d6 14. Rfd1 Ba6
15. Bxa6 Qxa6 16. Qg3 e5 17. Be3 Nd4 18. Nc1 Qb7 19. Rd2 Nce6 20. N1e2 Nxe2+
21. Rxe2 Be7 22. Nd5 O-O 23. f4 exf4 24. Bxf4 Nd4 25. Rd2 Kh8 26. Be3 f5 27.
Nxe7 Qxe7 28. Bg5 Qxe4 29. Bxd8 Rxd8 30. Re1 Qb7 31. Qxd6 Ra8 32. Qxc5 1-0

[Event "2.BLS 0203 SK Krumbach - Heidelberg HSH"]
[Site "?"]
[Date "2003.02.23"]
[Round "7.4"]
[White "Riefner, Edwin"]
[Black "Nippgen, Georg"]
[Result "0-1"]
[WhiteElo "2226"]
[BlackElo "2256"]
[PlyCount "134"]
[EventDate "2003.??.??"]

1. e4 c5 2. b3 Nc6 3. Bb2 Nf6 4. Nc3 e6 5. g3 Be7 6. Bg2 O-O 7. Nge2 d6 8. O-O
Bd7 9. d4 cxd4 10. Nxd4 Nxd4 11. Qxd4 Qa5 12. Nd1 e5 13. Qd3 b5 14. Ne3 Rac8
15. Rfd1 g6 16. c4 Rfd8 17. Qd2 Qa6 18. Bc3 bxc4 19. Nxc4 Bc6 20. Qe1 Bb5 21.
Ba5 Re8 22. Bf1 Nxe4 23. Qxe4 Bxc4 24. Bxc4 Qxa5 25. Qd5 Qxd5 26. Rxd5 Kg7 27.
Rad1 Rc7 28. Ra5 Rb8 29. Rdd5 Rbb7 30. Ra4 Rc5 31. Ra5 Rxa5 32. Rxa5 Bd8 33.
Rd5 Bc7 34. Kf1 Kf8 35. Ke2 Ke7 36. f3 Bb6 37. Rd1 Bd4 38. Kd3 a5 39. Rd2 Rb8
40. Rc2 h5 41. Bd5 Bc5 42. Rc4 f5 43. Ra4 Rb4 44. Bc6 Rxa4 45. Bxa4 Bg1 46. h3
Bf2 47. g4 fxg4 48. fxg4 hxg4 49. hxg4 d5 50. Ke2 Bc5 51. g5 e4 52. Bc6 Ke6 53.
Be8 Kf5 54. Bd7+ Kxg5 55. Bc6 Kf4 56. Bxd5 g5 57. Bc6 g4 58. Bd7 g3 59. Bh3 Ke5
60. a4 Kd4 61. Bg2 e3 62. Bf3 Kc3 63. Bd5 Kc2 64. Ke1 Kd3 65. Bc4+ Ke4 66. Bb5
g2 67. Bc6+ Kd3 0-1

[Event "2.BLS 0203 SK Krumbach - Heidelberg HSH"]
[Site "?"]
[Date "2003.02.23"]
[Round "7.5"]
[White "Syska, Albert"]
[Black "Wild, Rudolf"]
[Result "1/2-1/2"]
[WhiteElo "2250"]
[BlackElo "2268"]
[PlyCount "134"]
[EventDate "2003.??.??"]

1. e4 c5 2. Nf3 Nc6 3. d4 cxd4 4. Nxd4 Nf6 5. Nc3 e5 6. Ndb5 d6 7. a4 a6 8. Na3
Be6 9. Bg5 Be7 10. Bxf6 Bxf6 11. Bc4 Rc8 12. Nd5 O-O 13. c3 Bg5 14. Qe2 Ne7 15.
Rd1 Nxd5 16. Bxd5 Bxd5 17. Rxd5 Qc7 18. O-O Qc6 19. a5 Rfd8 20. Rfd1 g6 21. Nc2
Qa4 22. g3 Be7 23. Nb4 Rd7 24. Qg4 Rdd8 25. f4 exf4 26. gxf4 Re8 27. f5 Rc4 28.
Qe2 Rcc8 29. Rf1 Bf8 30. Qf3 Qd7 31. Rd3 Qd8 32. Nd5 Bg7 33. f6 Bf8 34. b4 Re5
35. Rd4 Qe8 36. Kh1 Rc6 37. Qg4 Qe6 38. Qxe6 fxe6 39. Ne7+ Kf7 40. Nxc6 bxc6
41. Rfd1 c5 42. Rc4 cxb4 43. cxb4 Rb5 44. Rc7+ Kg8 45. Rd4 d5 46. Rc8 Kf7 47.
e5 Bxb4 48. Rc7+ Kf8 49. Rh4 h5 50. Rg7 Be1 51. Rd4 Bc3 52. Rd3 Bxe5 53. Rxg6
Rxa5 54. Rf3 Ra1+ 55. Kg2 Ra2+ 56. Kf1 Ra1+ 57. Ke2 Ra2+ 58. Kd1 Ra1+ 59. Kc2
Ra2+ 60. Kb3 Rb2+ 61. Ka4 Re2 62. f7 Re4+ 63. Ka5 Rf4 64. Rxf4 Bxf4 65. Rxe6
Kxf7 66. Rxa6 d4 67. Kb4 Bxh2 1/2-1/2

[Event "2.BLS 0203 SK Krumbach - Heidelberg HSH"]
[Site "?"]
[Date "2003.02.23"]
[Round "7.6"]
[White "Trassl, Franz"]
[Black "Pielmeier, Thomas"]
[Result "1-0"]
[WhiteElo "2260"]
[BlackElo "2218"]
[PlyCount "91"]
[EventDate "2003.??.??"]

1. Nf3 Nf6 2. d4 g6 3. g3 Bg7 4. Bg2 O-O 5. O-O d5 6. Ne5 c5 7. c3 Na6 8. Bf4
Qb6 9. Qb3 cxd4 10. Qxb6 axb6 11. cxd4 Nb4 12. Nc3 Be6 13. Rfd1 Nh5 14. a3 g5
15. axb4 gxf4 16. Bxd5 fxg3 17. hxg3 Rxa1 18. Rxa1 Rd8 19. Bf3 Nf6 20. e3 Nd5
21. Bxd5 Bxd5 22. Nxd5 Rxd5 23. Ra8+ Bf8 24. Rb8 f6 25. Nd3 e5 26. Rxb7 exd4
27. Nf4 Rd6 28. exd4 Bh6 29. Ne2 Bd2 30. b5 Ba5 31. Kg2 h6 32. Kf3 Be1 33. g4
Bd2 34. Ke4 Be1 35. f4 Re6+ 36. Kd3 Bf2 37. d5 Re3+ 38. Kd2 Re8 39. Rd7 Bc5 40.
Ng3 Be3+ 41. Kd3 Bxf4 42. Nf5 Re1 43. Rb7 Rg1 44. Rxb6 Rxg4 45. Rxf6 Rg2 46.
Ne7+ 1-0

[Event "2.BLS 0203 Pang Rosenheim - Karlsruher "]
[Site "?"]
[Date "2003.02.23"]
[Round "7.1"]
[White "Bagaturov, Giorgi"]
[Black "Wach, Markus"]
[Result "1-0"]
[WhiteElo "2429"]
[BlackElo "2388"]
[PlyCount "60"]
[EventDate "2003.??.??"]

1. d4 d5 2. c4 e6 3. Nf3 Nf6 4. Nc3 Nbd7 5. Bf4 dxc4 6. e3 Nd5 7. Bxc4 Nxf4 8.
exf4 Bd6 9. Ne5 O-O 10. O-O Nf6 11. Qf3 c6 12. Rad1 Bd7 13. Rfe1 Bb4 14. Re2
Bxc3 15. bxc3 Nd5 16. Bb3 Be8 17. c4 Ne7 18. Bc2 g6 19. Qh3 Nf5 20. d5 cxd5 21.
cxd5 Rc8 22. Bxf5 exf5 23. Qb3 Qa5 24. Rde1 Ba4 25. Qa3 Rc3 26. Qd6 Bb5 27. Nd7
Bxd7 28. Qxd7 Rc5 29. d6 Rd5 30. Re8 Rxe8 1-0

[Event "2.BLS 0203 Pang Rosenheim - Karlsruher "]
[Site "?"]
[Date "2003.02.23"]
[Round "7.2"]
[White "Grundherr, Martin"]
[Black "Arnold, Lothar"]
[Result "1/2-1/2"]
[WhiteElo "2343"]
[BlackElo "2360"]
[PlyCount "32"]
[EventDate "2003.??.??"]

1. e4 c5 2. Nf3 Nf6 3. Nc3 d5 4. e5 d4 5. exf6 dxc3 6. fxe7 cxd2+ 7. Qxd2 Qxd2+
8. Bxd2 Bxe7 9. Bc3 O-O 10. O-O-O Nd7 11. Bb5 Nb6 12. Rhe1 Be6 13. b3 Rfd8 14.
Ba5 Rxd1+ 15. Rxd1 Rd8 16. Nd2 f6 1/2-1/2

[Event "2.BLS 0203 Pang Rosenheim - Karlsruher "]
[Site "?"]
[Date "2003.02.23"]
[Round "7.3"]
[White "Werner, Clemens"]
[Black "Blaskowski, Johannes"]
[Result "1/2-1/2"]
[WhiteElo "2351"]
[BlackElo "2310"]
[PlyCount "25"]
[EventDate "2003.??.??"]

1. e4 c5 2. c3 d5 3. exd5 Qxd5 4. d4 e6 5. Nf3 Nf6 6. Bd3 Nc6 7. O-O cxd4 8.
cxd4 Be7 9. Nc3 Qh5 10. Be2 Qf5 11. Bd3 Qh5 12. Be2 Qf5 13. Bd3 1/2-1/2

[Event "2.BLS 0203 Pang Rosenheim - Karlsruher "]
[Site "?"]
[Date "2003.02.23"]
[Round "7.4"]
[White "Vogel, Robert"]
[Black "Gerstner, Wolfgang"]
[Result "1-0"]
[WhiteElo "2310"]
[BlackElo "2374"]
[PlyCount "59"]
[EventDate "2003.??.??"]

1. d4 d5 2. e4 dxe4 3. Nc3 e5 4. Be3 exd4 5. Bxd4 Nf6 6. Qd2 Be6 7. O-O-O Nbd7
8. Nh3 Bb4 9. a3 Bxc3 10. Qxc3 O-O 11. Be2 c5 12. Be5 Re8 13. Nf4 Bf5 14. Bd6
Qb6 15. Rhg1 Qc6 16. g4 Be6 17. Nh5 Bd5 18. Bf4 Rad8 19. Nxg7 Kxg7 20. g5 Kf8
21. gxf6 Nxf6 22. Bh6+ Ke7 23. Bg5 Rd6 24. Qe5+ Kd7 25. Qf5+ Kc7 26. Bf4 Kb6
27. Bxd6 Qxd6 28. c4 Qe6 29. Qf4 Bc6 30. Rd6 1-0

[Event "2.BLS 0203 Pang Rosenheim - Karlsruher "]
[Site "?"]
[Date "2003.02.23"]
[Round "7.5"]
[White "Kargoll, Boris"]
[Black "Geisler, Fabian"]
[Result "0-1"]
[WhiteElo "2263"]
[BlackElo "2273"]
[PlyCount "78"]
[EventDate "2003.??.??"]

1. d4 f5 2. c4 Nf6 3. Nc3 d6 4. Nf3 g6 5. Bf4 Bg7 6. e3 O-O 7. Be2 e6 8. Qb3
Qe7 9. O-O-O Nc6 10. Bg3 Kh8 11. Qa3 b6 12. Rhe1 a5 13. Kb1 Bb7 14. Qb3 Nb4 15.
a3 Na6 16. Qc2 Ne4 17. Bh4 Nxc3+ 18. Qxc3 Qd7 19. Bg3 Qe7 20. Qd2 Rae8 21. h3
Nb8 22. Bd3 e5 23. Bh4 Bf6 24. Bxf6+ Qxf6 25. dxe5 dxe5 26. Be2 Be4+ 27. Ka1
Nc6 28. Qc3 Nb4 29. Rd2 Na6 30. Red1 Nc5 31. Ka2 a4 32. Ne1 Bc6 33. f3 Nb3 34.
Rc2 e4 35. f4 Qxc3 36. Rxc3 Rd8 37. Nc2 Rxd1 38. Bxd1 Rd8 39. Nb4 Rxd1 0-1